000 01283nam a2200265Ia 4500
003 OSt
005 20220930094823.0
006 a|||||r|||| 00| 0
007 ta
008 220926b |||||||| |||| 00| 0 hin d
024 _a20538
037 _cTheses
040 _aCRL
_cCRL
_bhin
041 _2hin
_ahin
100 _aपाण्डेय, मुन्ना कुमार
110 _aदिल्ली विश्वविद्यालय. कला संकाय. हिन्दी विभाग
245 0 _aपारंपरिक रंग-प्रयोग में भिखारी ठाकुर के नाटकों का संस्कृति-मूलक अध्ययन
246 _aPāranparik ranga-prayog mean bhikhārī ṭhākur ke nāṭakoan kā sanskṛuti-mūlak adhyayana
260 _c2014
650 _aहिन्दी साहित्य
700 _a डॉ. शशि सरदाना, गा.
_9556370
700 _aदिल्ली विश्वविद्यालय. कला संकाय. हिन्दी विभाग
942 _cDIS
_2CC
999 _c887728
_d887728